000 00401 a2200169 4500
001 189503
020 _a978-85-06-05785-8
040 _cMagnum
100 _aBrandão, Toni
240 1 0 _aComo as cabras foram domesticadas
_lpor
245 1 0 _aComo as cabras foram domesticadas
300 _a32
362 0 _a2009
440 1 _aMelhoramentos
697 _aLITERATURA INFANTO-JUVENIL
942 _cBK
999 _c189503
_d189503